Normal view
MARC view
Entry Geographic Name
001 - CONTROL NUMBER
- control field: 35197
003 - CONTROL NUMBER IDENTIFIER
- control field: dpl
005 - DATE AND TIME OF LATEST TRANSACTION
- control field: 20111003154857.0
008 - FIXED-LENGTH DATA ELEMENTS
- fixed length control field: 111003|||a|||||| | ||| d
040 ## - CATALOGING SOURCE
- Original cataloging agency: dpl
- Transcribing agency: dpl
151 ## - HEADING--GEOGRAPHIC NAME
- Geographic name: Mississippi
- Form subdivision: Fiction.
670 ## - SOURCE DATA FOUND
- Source citation: Work cat.: (dpl)34701: Grisham, John 35196, Ford County :, 2009
670 ## - SOURCE DATA FOUND
- Source citation: Work cat.: (dpl)34701: Grisham, John 35196, Ford County :, 2009
